<?xml version="1.0" encoding="UTF-8"?>
<collection xmlns="http://www.loc.gov/MARC21/slim">
    <record>
        <controlfield tag="001">98398</controlfield>
        <controlfield tag="005">20210128092633.0</controlfield>
        <datafield tag="024" ind1="8" ind2=" ">
            <subfield code="2">sideral</subfield>
            <subfield code="a">121485</subfield>
        </datafield>
        <datafield tag="037" ind1=" " ind2=" ">
            <subfield code="a">ART-2018-121485</subfield>
        </datafield>
        <datafield tag="041" ind1=" " ind2=" ">
            <subfield code="a">spa</subfield>
        </datafield>
        <datafield tag="100" ind1=" " ind2=" ">
            <subfield code="0">(orcid)0000-0002-1754-1597</subfield>
            <subfield code="a">Carretero Calvo, Rebeca</subfield>
            <subfield code="u">Universidad de Zaragoza</subfield>
        </datafield>
        <datafield tag="245" ind1=" " ind2=" ">
            <subfield code="a">María de Coloma y la fundación del convento de la Concepción de Nuestra Señora de Tarazona (Zaragoza)</subfield>
        </datafield>
        <datafield tag="260" ind1=" " ind2=" ">
            <subfield code="c">2018</subfield>
        </datafield>
        <datafield tag="506" ind1="0" ind2=" ">
            <subfield code="a">Access copy available to the general public</subfield>
            <subfield code="f">Unrestricted</subfield>
        </datafield>
        <datafield tag="520" ind1="3" ind2=" ">
            <subfield code="a">En el presente texto se realiza una aproximación a la figura de María de Coloma, hija ilegítima del secretario real Juan de Coloma. Según las fuentes, María ingresó siendo muy niña en el convento de Jerusalén de Zaragoza, clausura que fue fundada por su progenitor en 1484. En ella llegó a ocupar el cargo de superiora durante ocho años caracterizándose por su humil- dad, su caridad y su paciencia. Sin duda, estas virtudes la llevaron a convertirse en la abadesa fundadora del convento de la Concepción de Nuestra Señora de Tarazona (Zaragoza), al que arribó el 25 de noviembre de 1546 y donde falleció el 26 de abril de 1557. El establecimiento de este cenobio fue trascendental para la Historia de la ciudad dado que se trató del primero en el que pudieron profesar las hijas de las familias acomodadas turiasonenses, evitando así que éstas tuvieran que alejarse de su entorno para entrar en religión.
The present text is an approach to the figure of María de Coloma, illegitimate daughter of the Royal Secretary Juan de Coloma. According to the sources, while still a child María entered the Convent of Jerusalem in Zaragoza founded by her father in 1484. There she occupied the post of Superior for eight years, characterised by her humility, her charity and her patience. Doubtless these virtues led her to become founder Abbess of the Convent of La Concepción de Nuestra Señora in Tarazona (Zaragoza), where she arrived on 25 November 1546 and where she died on 26 April 1557. The establishment of this convent was of great importance for the history of the city as it was the first in which the daughters of the wealthier families of Tarazona could profess, so avoiding the need for them to move away if they wished to enter into the religious life.</subfield>
        </datafield>
        <datafield tag="540" ind1=" " ind2=" ">
            <subfield code="9">info:eu-repo/semantics/openAccess</subfield>
            <subfield code="a">by-nc-nd</subfield>
            <subfield code="u">http://creativecommons.org/licenses/by-nc-nd/3.0/es/</subfield>
        </datafield>
        <datafield tag="655" ind1=" " ind2="4">
            <subfield code="a">info:eu-repo/semantics/article</subfield>
            <subfield code="v">info:eu-repo/semantics/publishedVersion</subfield>
        </datafield>
        <datafield tag="710" ind1="2" ind2=" ">
            <subfield code="1">3007</subfield>
            <subfield code="2">465</subfield>
            <subfield code="a">Universidad de Zaragoza</subfield>
            <subfield code="b">Dpto. Historia del Arte</subfield>
            <subfield code="c">Área Historia del Arte</subfield>
        </datafield>
        <datafield tag="773" ind1=" " ind2=" ">
            <subfield code="g">61 (2018), 153-173</subfield>
            <subfield code="p">Cuad. estud. borj.</subfield>
            <subfield code="t">Cuadernos de estudios borjanos</subfield>
            <subfield code="x">0210-8224</subfield>
        </datafield>
        <datafield tag="856" ind1="4" ind2="1">
            <subfield code="u">https://ifc.dpz.es/publicaciones/periodica/id/16</subfield>
            <subfield code="z">Texto completo de la revista</subfield>
        </datafield>
        <datafield tag="856" ind1="4" ind2=" ">
            <subfield code="s">281587</subfield>
            <subfield code="u">http://zaguan.unizar.es/record/98398/files/texto_completo.pdf</subfield>
            <subfield code="y">Versión publicada</subfield>
        </datafield>
        <datafield tag="856" ind1="4" ind2=" ">
            <subfield code="s">1327357</subfield>
            <subfield code="u">http://zaguan.unizar.es/record/98398/files/texto_completo.jpg?subformat=icon</subfield>
            <subfield code="x">icon</subfield>
            <subfield code="y">Versión publicada</subfield>
        </datafield>
        <datafield tag="909" ind1="C" ind2="O">
            <subfield code="o">oai:zaguan.unizar.es:98398</subfield>
            <subfield code="p">articulos</subfield>
            <subfield code="p">driver</subfield>
        </datafield>
        <datafield tag="951" ind1=" " ind2=" ">
            <subfield code="a">2021-01-28-09:11:57</subfield>
        </datafield>
        <datafield tag="980" ind1=" " ind2=" ">
            <subfield code="a">ARTICLE</subfield>
        </datafield>
    </record>

    
</collection>